TACY SAMI A ŚCIANA MIĘDZY NAMI - Statistics

General Stats
  • This quiz has been taken 2 times
  • The average score is 26 of 36
Answer Stats
Hint Answer % Correct
.... ściana między nami A
100%
........ nawet lepiej niż ty siebie chyba
100%
Tak ..... cię znam dobrze
100%
Sama ......... wiesz dobrze
100%
A ściana ......... nami między
100%
A ściana między ........ nami
100%
I nie mów mi ......... nie
100%
Tacy ....... sami
100%
Tacy ...... sami
100%
Tacy ....... sami
100%
Tacy ...... sami
100%
A .......... między nami ściana
100%
Wciąż widzę ...... plam na niebie setki
100%
Jak klatka ze ......... szkła
100%
..... sami tacy
100%
....... sami tacy
100%
...... sami Tacy
100%
.......... sami Tacy
100%
.... długo to trwa Tak
100%
Jestem .... sam taki
100%
Że, nikt ....... nie znał ciebie innej nigdy
50%
Samotność to ....... pies
50%
Jakbyś z ......... była zimnej planety
50%
Daleka jak ...... sen
50%
Nie pozwala nam się ........... słyszeć
50%
A gdzieś czeka ..... ten
50%
Ja ...... jak to jest wiem
50%
Który kiedyś ........ cię obudzi wreszcie
50%
Samotna i ....... zła
50%
....... to przecież, znam aż do znużenia Znam
50%
Że czasem takie ........ się opłaca życie
50%
Co ........ tak bez uprzedzenia kąsa
0%
Nieufność to ......... mgła
0%
Co .......... tylko ciszę przynosi
0%
Wciąż nie dostrzegasz ...... i ludzi spraw
0%
Że co dzień ........... coś co już nie wraca tracisz
0%
No matching quizzes found
Score Distribution
Percent of People with Each Score
Percentile by Number Answered
Your Score History
You have not taken this quiz